000 00246nam a2200097Ia 4500
082 _aEJF FLAN
245 0 _aI am HIV-positive
100 _a FLANAGAN, Wendy Oxford, 2003
_980139
942 _cBK
008 210817s9999 xx 000 0 und d
999 _c382247
_d382246